A köz véleménye
Elmentve itt :
| Szerző: | |
|---|---|
| Dokumentumtípus: | Cikk |
| Megjelent: |
1995-05-27
|
| Sorozat: | Délmagyarország
85 No. 123, L |
| Kulcsszavak: | Délmagyarország |
| Online Access: | http://dmarchiv.bibl.u-szeged.hu/97134 |
| LEADER | 00444nab a2200157 i 4500 | ||
|---|---|---|---|
| 001 | delm97134 | ||
| 005 | 20191014091943.0 | ||
| 008 | 191014s1995 hu o 0|| hun d | ||
| 040 | |a SZTE Délmagyarország Archívum |b hun | ||
| 041 | |a hun | ||
| 100 | 1 | |a Magyar Sándor | |
| 245 | 1 | 2 | |a A köz véleménye |h [elektronikus dokumentum] / |c Magyar Sándor |
| 260 | |c 1995-05-27 | ||
| 300 | |a 4 | ||
| 490 | 0 | |a Délmagyarország |v 85 No. 123, L | |
| 695 | |a Délmagyarország | ||